000 00476cam a22001934a 4500
005 20250605164324.0
008 250528s ||||||||||||||||||||||||d
035 _a22960
020 _a9781843102205
040 _aGR-AtMCL
_bgre
_dGR-AtMCL
_eAACR2
245 1 _aSOCIAL PERSPECTIVES IN MENTAL HEALTH
250 _a1
260 _bJessica Kingsley Publishers,
_c2005
300 _a240
700 1 _aTew Jerry
_98570
942 _cBK
999 _c8002
_d8002